000 00363pab a2200145 454500
008 180718b2005 xxu||||| |||| 00| 0 eng d
100 _aJain, Prakash C.
245 _aIndian migration to the gulf countries: past and present
260 _c2005
300 _ap.50-81.
362 _aApr-Jun
650 _aMigration
773 _aIndia Quarterly
909 _a66959
999 _c66959
_d66959